000 01682nam0a2200409 4500
001 RU\NLR\bibl\349401
005 20260405134147.0
010 _a5-7853-0193-8
_bВ пер.
_95000
021 _aRU
_b2002-46411
_92248
021 _aRU
_b2002-54606
_92655
035 _a(NLR Aleph) 000344186
090 _a235377
_c235377
100 _a20021203d2002 |||y0rusy50 ca
101 0 _arus
102 _aRU
105 _aa |||||||||
200 1 _aКнига для чтения
_eУчеб. для 4 кл. спец. (коррекц.) образоват. учреждений VIII вида
_fАвт.-сост. З. Н. Смирнова, Г. М. Гусева
205 _a5-е изд.
210 _aМ.
_cПросвещение
_cМоск. учебники
_d2002
215 _a191, [1] с.
_cцв. ил.
_d22
225 1 _aМосковский учебник
606 0 _aРусский язык
_jХрестоматии
_91533567
_3RU\NLR\auth\66969347
610 0 _aРусский язык - Хрестоматии для вспомогательной школы
610 0 _aЧтение - Хрестоматии для вспомогательной школы
675 _a376.167.1:811.161.1
_v3
_zrus
675 _a811.161.1(075.2)
_v3
_zrus
686 _a14.29
_2rugasnti
686 _a74.3
_2rubbk
686 _aШ141.12-922.1
_bЧ435[4]хрест
702 1 _4220
_7ca
_8rus
_aСмирнова
_bЗ. Н.
_cканд. пед. наук
_gЗоя Никандровна
_937656
_3RU\NLR\auth\7754724
801 0 _aRU
_bRKP
_c20021203
_gPSBO
801 1 _aRU
_bRKP
_c20021203
801 2 _aRU
_bNLR
_c20070802
_grcr
942 _cBOOK
980 _aNB